Normal view MARC view
  • Atlas mexicanos

Entry Materia

Number of records used in: 16

001 - NÚMERO DE CONTROL DEL REGISTRO

  • campo de control: 8564

003 - IDENTIFICADOR DE NUMERO DE CONTROL

  • campo de control: UPN

005 - FECHA Y HORA DE LA ÚLTIMA TRANSACCIÓN

  • campo de control: 20220725145649.0

008 - DATOS DE LONGITUD FIJA

  • campo de control de longitud fija: 220725nn anznnbabn b ana |d

035 ## - NÚMERO DE CONTROL DEL SISTEMA

  • Número de control del sistema: UPN10000008570

040 ## - FUENTE DE LA CATALOGACIÓN

  • Lengua de catalogación: SPA
  • Centro catalogador de origen: MX-MxUPN

046 ## - FECHAS CON CODIFICACIÓN ESPECIAL

  • Fecha final para contenidos agregados: 2022

053 #4 - NÚMERO CLASIFICADOR - BIBLIOTECA DEL CONGRESO (LC)

  • Elemento numérico de la clasificación - Número único o no. inicial del rango: G1545-
  • Elemento numérico de la clasificación - Número único o no. final del rango: G1549

150 ## - ENCABEZAMIENTO - TEMÁTICO

  • Término de materia o nombre geográfico como elemento inicial: Atlas mexicanos

670 ## - FUENTE EN LA QUE SE LOCALIZARON DATOS

  • Cita de la fuente: E
  • Información localizada: Atlas españoles

902 ## - CATALOGADOR

  • Catalogador: MEEG/051196